000 00720nam a22002297a 4500
003 UA-OsUOA
001 36933
007 ta
008 20061121b un ||||| |||| 00| 0 ukr d
090 _a050
_bБ98
942 _cMG
040 _aUA-OsUOA
_bukr
_cUA-OsUOA
_dUA-OsUOA
245 _aБюлетень Фундації ім. Івана Багряного
300 _a8 с.
955 _a1
041 _aukr
080 _a050
260 _aАрлінгтон
310 _aГрудень 2000, Ч.1
650 7 _a050 Серійні публікації. Періодика галузі, Організація та інші типи поєднання (співробітництва)
_2UDC
999 _c435460
_d435460